000 00335nam a22000977a 4500
008 150723b xxu||||| |||| 00| 0 eng d
010 _8HCCRS ARF:034
245 _aHIGH COURT CRIMINAL SESSION NO.24 OF 1976 Uganda Vs A.1Marisiana Adikini A.2 Oworo s/o Ochata
260 _aHigh Court Kampala
500 _3Before: Hon. Mr. Justice M.A.A.Khan
999 _c8083
_d8083